000 00480nam a22001697a 4500
005 20251108171901.0
008 250721s9999 xx 000 0 ara d
082 1 4 _aط/922.1/بكر
245 1 0 _aأبو بكر الصديق /
264 1 _aبيروت :
_bمنشورات المكتب العالمي،
300 _a30ص
490 0 _aحكايات و بطولات إسلامية
650 1 7 _aالإسلام
650 1 7 _aالتراجم
942 _2ddc
_cBK
999 _c65105
_d65105